{"text_format":"3","workbook":"xls","n_sheets":3,"sheets":["Sheet1","Sheet2","Sheet3"],"read":"whole","date_system":"1900","formulas":"cached_only"}

{"sheet":"Sheet1","index":0,"n_rows":56,"n_cols":12,"rows_kept":56,"merged":[[0,0,0,11],[1,0,1,11],[2,0,2,11]],"flags":["formulas_cached_only"]}
["五金收料统计日报表"]
["日期： 2019  年 04月 09日                             填表人： 杨振华"]
["单位：江苏大力神管桩有限公司巨野分公司"]
["入库单号","品名","规格","数量","单位","单价","金额","供应商名称","联系方式","采购员","检验员","备注"]
["WIN008148","阀组","G10",10,"个",22,220,"济宁聚旺矿山设备有限公司",null,"王成军","甘星允"]
[null,"缸体","G10",6,"个",85,510,"济宁聚旺矿山设备有限公司",null,"王成军","甘星允"]
[null,"阀柜垫片","G10",10,"个",2.6,26,"济宁聚旺矿山设备有限公司",null,"王成军","甘星允"]
[null,"阻塞阀","G10",10,"个",2,20,"济宁聚旺矿山设备有限公司",null,"王成军","甘星允"]
["WIN008149","定位销","G10",20,"个",0.5,10,"济宁聚旺矿山设备有限公司",null,"王成军","甘星允"]
[null,"镐柄弹簧","G10",20,"个",0.5,10,"济宁聚旺矿山设备有限公司",null,"王成军","甘星允"]
[null,"头部弹簧","G10",10,"个",5.5,55,"济宁聚旺矿山设备有限公司",null,"王成军","甘星允"]
["WIN008152","敲击扳手","1900-02-24",1,"把",55,55,"巨野县德航五金电料门市部",null,"张传朋","甘星允"]
[null,"钢锯条",null,1,"盒",28,28,"巨野县德航五金电料门市部",null,"张传朋","甘星允"]
["WIN008153","PVC线管","16#",2,"根",4,8,"唯泽建材水暖城",17865405333,"张传朋","甘星允"]
["WIN008154","氧气管",null,4,"盘",85,340,"巨野县泗春五金机电门市部",13561346099,"张传朋","甘星允"]
[null,"螺纹紧固剂",null,4,"瓶",9,36,"巨野县泗春五金机电门市部",13561346099,"张传朋","甘星允"]
[null,"螺丝松动剂",null,24,"个",6.25,150,"巨野县泗春五金机电门市部",13561346099,"张传朋","甘星允"]
["WIN008155","电焊玻璃镜片白",null,20,"个",2,40,"巨野县嘉盛五金机电",18753016988,"张传朋","甘星允"]
[null,"剪子",null,1,"把",25,25,"巨野县嘉盛五金机电",18753016988,"张传朋","甘星允"]
["WIN008156","截止阀","DN80",1,"个",130,130,"巨野县精特阀门有限公司",null,"张传朋","甘星允"]
["WIN008157","钢丝绳","6#",60,"米",2,120,"巨野县嘉盛五金机电",18753016988,"张传朋","甘星允"]
["WIN008158","轴承",22217,4,"个",125,500,"巨野县兴强轴承销售中心",null,"张传朋","甘星允"]
[null,"轴承",30217,8,"个",59,472,"巨野县兴强轴承销售中心",null,"张传朋","甘星允"]
[null,"直接","16#",50,"个",2.5,125,"巨野县兴强轴承销售中心",null,"张传朋","甘星允"]
["WIN008159","压力表","Y-150  2.5MPA",7,"个",50,350,"巨野县润润五金门市部",15764010540,"张传朋","甘星允"]
[null,"压力式温度计","WTQ-280",7,"个",45,315,"巨野县润润五金门市部",15764010540,"张传朋","甘星允"]
["WIN008160","氧气",null,10,"瓶",30,300,"巨野县巨泰气体二站",18765016777,"张传朋","甘星允"]
[null,"乙炔",null,2,"瓶",65,130,"巨野县巨泰气体二站",18765016777,"张传朋","甘星允"]
["WIN008161","水泵压盖","140*30",1,"件",80,80,"巨野县麒麟镇瑞麟机床加工厂",18253062776,"张传朋","甘星允"]
["WIN008162","胶",801,6,"袋",15,90,"巨野县亚美涂料",null,"张传朋","甘星允"]
["WIN008174","小车主动轮","250#",1,"套",1500,1500,"徐州宏特起重机械有限公司",null,"王成军","甘星允"]
[null,"小车从动轮","250#",1,"套",1600,1600,"徐州宏特起重机械有限公司",null,"王成军","甘星允"]
[null,"内外齿","250#",1,"套",350,350,"徐州宏特起重机械有限公司",null,"王成军","甘星允"]
["WIN008175","定滑轮/压盖 加工件","300*80/200*60",1,"套",550,550,"巨野县麒麟镇瑞麟机床加工厂",18253062776,"张传朋","甘星允"]
[null,"汽灌套",null,8,"件",25,200,"巨野县麒麟镇瑞麟机床加工厂",18253062776,"张传朋","甘星允"]
["WIN008176","手动蝶阀","90#",1,"个",60,60,"巨野县泗春五金机电门市部",13561346099,"张传朋","甘星允"]
[{"$nulls":6},0]
[{"$nulls":6},0]
[{"$nulls":6},0]
[{"$nulls":6},0]
[{"$nulls":6},0]
[{"$nulls":6},0]
[{"$nulls":6},0]
[{"$nulls":6},0]
[{"$nulls":6},0]
[{"$nulls":6},0]
[{"$nulls":6},0]
[{"$nulls":6},0]
[{"$nulls":6},0]
[{"$nulls":6},0]
[{"$nulls":6},0]
[{"$nulls":6},0]
[{"$nulls":6},0]
[{"$nulls":6},0]
[{"$nulls":6},0]
[{"$nulls":6},0]

{"sheet":"Sheet2","index":1,"n_rows":0,"n_cols":0,"rows_kept":0,"flags":["formulas_cached_only"]}

{"sheet":"Sheet3","index":2,"n_rows":0,"n_cols":0,"rows_kept":0,"flags":["formulas_cached_only"]}